00425nam a2200157Ia 450000500170000000800410001702000150005808200130007310000240008624500690011026000330017930000170021265000170022965000100024665000110025620240610041907.0240331s9999 xx 000 0 und d a0862322650 bJAYa322 aJayawardena, Kumari 0aFeminism and nationalism in the third worldcKumari, Jayawardena aColombobSanjiva booksc1986 a x, 275 p ., aCivilization aWoman aSocial